<?xml version="1.0" encoding="UTF-8"?>
<record
    xmlns:xsi="http://www.w3.org/2001/XMLSchema-instance"
    xsi:schemaLocation="http://www.loc.gov/MARC21/slim http://www.loc.gov/standards/marcxml/schema/MARC21slim.xsd"
    xmlns="http://www.loc.gov/MARC21/slim">

  <leader>00940nam a22002777a 4500</leader>
  <controlfield tag="003">DO-SdBNP</controlfield>
  <controlfield tag="005">20210513075541.0</controlfield>
  <controlfield tag="008">210507b2020 dr | 00| 0 spa d</controlfield>
  <datafield tag="020" ind1=" " ind2=" ">
    <subfield code="a">9789945503715</subfield>
  </datafield>
  <datafield tag="040" ind1=" " ind2=" ">
    <subfield code="a">BPMSU</subfield>
    <subfield code="6">spa </subfield>
    <subfield code="c">BPMSU</subfield>
  </datafield>
  <datafield tag="082" ind1=" " ind2=" ">
    <subfield code="a">RD863.5</subfield>
    <subfield code="b">A185L 2020</subfield>
    <subfield code="2">22</subfield>
  </datafield>
  <datafield tag="100" ind1="1" ind2=" ">
    <subfield code="a"> Acosta, Jos&#xE9;</subfield>
    <subfield code="e">1964-</subfield>
  </datafield>
  <datafield tag="245" ind1="1" ind2="3">
    <subfield code="a">El lodo y la nieve /</subfield>
    <subfield code="c">Jos&#xE9; Acosta </subfield>
  </datafield>
  <datafield tag="260" ind1=" " ind2=" ">
    <subfield code="a">Santo Domingo:</subfield>
    <subfield code="b">Ministerio de Cultura ;</subfield>
    <subfield code="b">Editora Nacional </subfield>
    <subfield code="c">2020</subfield>
  </datafield>
  <datafield tag="300" ind1=" " ind2=" ">
    <subfield code="a">306 p. :</subfield>
    <subfield code="c">21 cm.</subfield>
  </datafield>
  <datafield tag="490" ind1="0" ind2=" ">
    <subfield code="a">Narrativa</subfield>
  </datafield>
  <datafield tag="500" ind1=" " ind2=" ">
    <subfield code="3">Incluyes datos Biogr&#xE1;ficos  de autor el la solapa de la cubierta </subfield>
  </datafield>
  <datafield tag="500" ind1=" " ind2=" ">
    <subfield code="3">Jurado : Rafael Castillo Alba, &#xC1;ngel Luis Arambilet y Le&#xF3;n David </subfield>
  </datafield>
  <datafield tag="586" ind1=" " ind2=" ">
    <subfield code="a">Premio Anual de novela Manuel de Jes&#xFA;s Galv&#xE1;n 2019</subfield>
  </datafield>
  <datafield tag="590" ind1=" " ind2=" ">
    <subfield code="6">Inventariado, 2021/ VM</subfield>
  </datafield>
  <datafield tag="650" ind1=" " ind2="4">
    <subfield code="a">Certamenes literarios </subfield>
    <subfield code="z">Rep&#xFA;blica dominicana</subfield>
  </datafield>
  <datafield tag="650" ind1=" " ind2="4">
    <subfield code="a">Novelas dominicanas </subfield>
  </datafield>
  <datafield tag="650" ind1=" " ind2="4">
    <subfield code="a">Literatura dominicana</subfield>
  </datafield>
  <datafield tag="910" ind1=" " ind2=" ">
    <subfield code="a">VMateo</subfield>
  </datafield>
  <datafield tag="942" ind1=" " ind2=" ">
    <subfield code="2">ddc</subfield>
    <subfield code="c">BK</subfield>
  </datafield>
  <datafield tag="952" ind1=" " ind2=" ">
    <subfield code="0">0</subfield>
    <subfield code="1">0</subfield>
    <subfield code="2">ddc</subfield>
    <subfield code="4">0</subfield>
    <subfield code="7">0</subfield>
    <subfield code="8">CD</subfield>
    <subfield code="a">BPMET</subfield>
    <subfield code="b">BPMET</subfield>
    <subfield code="d">2021-05-13</subfield>
    <subfield code="e">Editora Nacional </subfield>
    <subfield code="f"> </subfield>
    <subfield code="o">BPMSU CD RD863.5 A185L 2020</subfield>
    <subfield code="p">BPMSU21050062</subfield>
    <subfield code="r">2021-05-13</subfield>
    <subfield code="w">2021-05-13</subfield>
    <subfield code="y">BK</subfield>
  </datafield>
  <datafield tag="952" ind1=" " ind2=" ">
    <subfield code="0">0</subfield>
    <subfield code="1">0</subfield>
    <subfield code="2">ddc</subfield>
    <subfield code="4">0</subfield>
    <subfield code="7">0</subfield>
    <subfield code="8">CD</subfield>
    <subfield code="a">BPMET</subfield>
    <subfield code="b">BPMET</subfield>
    <subfield code="d">2021-05-13</subfield>
    <subfield code="e">Editora Nacional </subfield>
    <subfield code="f"> </subfield>
    <subfield code="o">BPMSU CD RD863.5 A185L 2020</subfield>
    <subfield code="p">BPMSU21050063</subfield>
    <subfield code="r">2021-05-13</subfield>
    <subfield code="t">e.2</subfield>
    <subfield code="w">2021-05-13</subfield>
    <subfield code="y">BK</subfield>
  </datafield>
  <datafield tag="952" ind1=" " ind2=" ">
    <subfield code="0">0</subfield>
    <subfield code="1">0</subfield>
    <subfield code="2">ddc</subfield>
    <subfield code="4">0</subfield>
    <subfield code="7">0</subfield>
    <subfield code="8">CD</subfield>
    <subfield code="a">BPMET</subfield>
    <subfield code="b">BPMET</subfield>
    <subfield code="d">2021-05-13</subfield>
    <subfield code="e">Editora Nacional </subfield>
    <subfield code="f"> </subfield>
    <subfield code="o">BPMSU CD RD863.5 A185L 2020</subfield>
    <subfield code="p">BPMSU21050064</subfield>
    <subfield code="r">2021-05-13</subfield>
    <subfield code="t">e.3</subfield>
    <subfield code="u"> </subfield>
    <subfield code="w">2021-05-13</subfield>
    <subfield code="y">BK</subfield>
  </datafield>
  <datafield tag="999" ind1=" " ind2=" ">
    <subfield code="c">13487</subfield>
    <subfield code="d">13487</subfield>
  </datafield>
</record>
